[Event "Madrid-ch Previa-A"]
[Site "Madrid"]
[Date "2018.02.07"]
[Round "3"]
[White "Ballesteros Cudero, Juan Carlos"]
[Black "Mora Agudo, Jose Alberto"]
[Result "0-1"]
[WhiteElo "1660"]
[BlackElo "1480"]
[PlyCount "76"]
[EventDate "2018.02.05"]
[EventType "swiss"]
[EventRounds "9"]
[EventCountry "ESP"]
[SourceTitle "EXT 2020"]
[Source "ChessBase"]
[SourceDate "2019.10.17"]
[SourceVersion "1"]
[SourceVersionDate "2019.10.17"]
[SourceQuality "1"]

1. b3 Nf6 2. Bb2 g6 3. Nf3 Bg7 4. e3 0-0 5. d4 d5 6. Nbd2 b6 7. Be2 c5 8. c4 cxd4 9. Bxd4 Nc6 10. Bb2 Ba6 11. 0-0 dxc4 12. Nxc4 Na5 13. Qxd8 Rfxd8 14. Rac1 Nxc4 15. Bxc4 Bxc4 16. Rxc4 Rac8 17. Rcc1 Ne4 18. Bxg7 Kxg7 19. Nd4 Nc3 20. Rfe1 e5 21. Kf1 exd4 22. exd4 Rxd4 23. Rc2 b5 24. Rec1 b4 25. a3 a5 26. axb4 axb4 27. g3 Rcd8 28. Kg2 Rd2 29. Rxd2 Rxd2 30. Kf3 Rb2 31. h4 Rxb3 32. Kg4 Rb2 33. f3 h5+ 34. Kh3 Ne2 35. Re1 b3 36. g4 hxg4+ 37. Kxg4 Rc2 38. h5 b2 0-1